Post dates 1987 : a chronology of the mails and philately (Record no. 2133)

000 -LEADER
fixed length control field 00407nam a22000977a 4500
008 - FIXED-LENGTH DATA ELEMENTS--GENERAL INFORMATION
fixed length control field 161128b xxu||||| |||| 00| 0 eng d
100 ## - MAIN ENTRY--AUTHOR'S NAME
Author's Name Wood, Kenneth
245 ## - TITLE STATEMENT
Title Post dates 1987 : a chronology of the mails and philately
260 ## - PUBLICATION, DISTRIBUTION, ETC. (IMPRINT)
Place of publication, distribution, etc. Albany, OR
Name of publisher, distributor, etc. Van Dahl Publications
Date of publication, distribution, etc. 1988
650 ## - TOPICAL TERM (Tag)
Topical term or geographic name Postal History | Postal Markings | Collecting | Chronology Almanacs, Annuals, and Yearbooks | 1987 | CAPEX '87 | Exhibitions
Holdings
Withdrawn status Lost status Source of classification or shelving scheme Damaged status Koha normalized classification for sorting Not for loan Permanent Location Current Location Date acquired Full call number Barcode Date last seen Copy number Price effective from Koha item type
        G3201 P856 W873   Northern Philatelic Library Northern Philatelic Library 11/28/2016 G3201 P856 W873 1002475 11/28/2016 1 11/28/2016 Books

Powered by Koha